000 00360nam a2200145 i 4500
001 bg
100 1 _aDEMENTEV, V. A.
245 0 _aIzmerenie malych aktivostej radioaktivnych preparatov /
_cV.A. Dementev.
260 _aMoskva,
_c1967.
040 _cBPK
041 _apol
080 _a621.317.79
942 _cKS
008 s pl f |000 0 pol
999 _c12784
_d12784
856 _uhttp://koha.tu.koszalin.pl/cgi-bin/koha/opac-detail.pl?biblionumber=12784
_yKatalog online BPK